000 00332 a2200097 4500
020 _a0870310291
082 _a620.136 ACI
245 _aFifth CANMET/ACI International Conference on Recent Advances in Concrete Technology
_cEdited by V.M.Malhotra
260 _aUSA:
_bAmerican Concrete Institute,
_c2001.
300 _ax,786p. :
_bill. :
_c23 cm.
650 _aconference
999 _c844
_d844